header

Geological structures and maps (Record no. 238530)

MARC details
000 -LEADER
fixed length control field 01212nam a2200301Ia 4500
082 04 - DEWEY DECIMAL CLASSIFICATION NUMBER
Classification number 551.80223
100 1# - MAIN ENTRY--AUTHOR NAME
Personal name Lisle, Richard J.
245 10 - TITLE STATEMENT
Title Geological structures and maps
250 ## - EDITION STATEMENT
Edition statement 3rd ed.
260 ## - PUBLICATION, DISTRIBUTION, ETC. (IMPRINT)
Place of publication Oxford ;
-- Burlington, MA :
Name of publisher Elsevier Butterworth-Heinemann,
Year of publication 2004.
300 ## - PHYSICAL DESCRIPTION
Number of Pages 106 p. :
Other physical details ill. (some col.), maps (some col.)
650 #0 - SUBJECT ADDED ENTRY--TOPICAL TERM
Topical Term Geological mapping.
Topical Term Geology, Structural
856 40 - ELECTRONIC LOCATION AND ACCESS
Uniform Resource Identifier http://site.ebrary.com/lib/rucke/Doc?id=10180810

No items available.

© 2026 Rongo University
Contact us: librarian | system librarian | Rongo university